000 00994nas a2200253Ia 4500
001 R137/A9849
003 IT-RoPAU
008 151124c99999999xx |||||||||||| ||und||
040 _aIT-RoPAU
040 _cIT-RoPAU
041 _aITALIANO
100 _aAA.VV.
_gCodice Aut. SPICS: 12000
210 _aMULTIMEDIA
222 _aMultimedia
245 _aMULTIMEDIA, ANNO 02-N.08 (1992)
_bMultimedia, Anno 02-N.08 (1992)
250 _a1a ed.
260 _aTORINO
_bSONDA
_c1992
501 _bPaulus - SPICS - Società San Paolo EM (non-commercial uses only)
_cCopyright2015
300 _a66 p., prefazione [16]
362 _aANNO 002, N.08 (1992)
500 _aComunicazione, Formazione e Tecnolgoie. Ipertesto. Editoria Multimediale. Minimedia. Intervista a Roger Schank Sulla Sua Esperienza nella Didattica Mediante Computer. Realtà Virtuali: Lo Stato dell'Arte. Tavola Rotonda Sull'Operatore Tecnologico. Arslab,
650 _aCOMUNICAZIONE
_vPUBBLICAZIONE PERIODICA
942 _cCR
999 _c112332
_d112332